AH International Schools' Libraries

Gecko is frustrated: (Record no. 49491)

MARC details
000 -LEADER
fixed length control field 00360nam a2200121 4500
020 ## - INTERNATIONAL STANDARD BOOK NUMBER
International Standard Book Number 9781445179926
100 ## - MAIN ENTRY--PERSONAL NAME
Personal name Graves, Sue
9 (RLIN) 83836
245 ## - TITLE STATEMENT
Title Gecko is frustrated:
Remainder of title a book about keeping calm /
Statement of responsibility, etc Sue Graves & Trevor Dunton
260 ## - PUBLICATION, DISTRIBUTION, ETC. (IMPRINT)
Place of publication, distribution, etc London
Name of publisher, distributor, etc Franklin Watts
Date of publication, distribution, etc 2022
300 ## - PHYSICAL DESCRIPTION
Extent 29 p.
Other physical details col. ill.
Dimensions 24 cm.
650 ## - SUBJECT ADDED ENTRY--TOPICAL TERM
Topical term or geographic name as entry element Frustrated
9 (RLIN) 86651
942 ## - ADDED ENTRY ELEMENTS (KOHA)
Source of classification or shelving scheme
Koha item type Book
Holdings
Withdrawn status Lost status Source of classification or shelving scheme Damaged status Not for loan Collection code Home library Current library Shelving location Date acquired Total Checkouts Full call number Barcode Date last seen Price effective from Koha item type
          TEACHERS' RESOURCES Asian Hope Primary Library Asian Hope Primary Library Non Fiction 09/03/2025   152.47 GRA 209407 09/03/2025 09/03/2025 Book

For any Logos Library related questions please contact Miss Art at swongnarasuk@asianhope.org.

For any Asian Hope Library related questions please contact Miss Raza at graza@asianhope.org.

Powered by Koha